000 01103cam a22003257a 4500
003 CHAP
005 20220329142432.0
008 010131d mx r 00110 spa d
010 _a83401
011 _a84373
035 _a94893
040 _cCHAP
082 0 4 _a322.1
_bM5
110 1 _aMéxico. Cámara de Diputados. LVII Legislatura del Congreso de la Unión
_976881
245 1 0 _aMéxico y el Vaticano :
_bbreve reseña histórica
_c/por Cámara de Diputados.
260 _aMéxico :
_bComité de Asuntos Editoriales,
_c(s.a.).
300 _a327p.
590 _aBATCH-UPD
_b10
_c20130110
_lUCH01
_h1603
590 _aBATCH-UPD
_b10
_c20130410
_lUCH01
_h0959
590 _aBATCH-UPD
_b10
_c20130914
_lUCH01
_h1629
590 _aBATCH-UPD
_b10
_c20161124
_lUCH01
_h1712
590 _aCONVERSION
_b10
_c20130109
_lUCH01
_h1346
650 1 4 _aIglesia católica.
_957335
650 1 4 _aIglesia y Estado
_xMéxico.
_957341
651 4 _aMéxico
_xPolítica y gobierno.
_976783
901 _aBK
905 _aEdna Luz
942 _cLIBRO
949 _a322.1 M5
_bBC
_cLIBRO
_d33724000815999
_eLIBRO
_h99548
_i94893
_sex
999 _c83401
_d83401